000
00276nam a22001217a 4500
041
_a
ENG
100
_a
Kodgire .V.D
245
_a
Material Science And Metallurgy
260
_a
Pune
_b
Evarest
_c
1998
300
_a
712
650
_a
Competitive Exam
856
_u
Competitive Exam
999
_c
697
_d
697